000 00752nam a2200217Ia 4500
001 10012
003 GE_BSU
008 181216s||||||||xx |||||||||||||| ||und||
040 _cGE_BSU
080 _a821.353.1–1
100 _aორბელიანი, გრიგოლ.
245 _aლექსები
245 _cმ.ზანდუკელის რედ.,შენიშვნებითა და კრიტიკული წერილით.[ რედ.შ.რადიანი]
250 _aმე–5 გამოც.
260 _aტფილისი
260 _bსახელგამი
260 _c1935
300 _a164გვ.პორტრ.22სმ.
653 _aლექსები
942 _cBK
999 _c43285
_d43285